000 00605nam a2200181 i 4500
001 49800
003 ES-MaACL
005 20230906162050.0
007 t|
008 030723s1914 mx |||| | spa d
100 1 _aCovarrubias, José.
_941350
245 1 0 _aVarios estudios complementarios de las leyes agrarias /
_cpropuestas por José Covarrubias, Fernando González Roa.
260 _aMéxico :
_b[s.n.],
_c1914 (
_fImp. Secretaría de Fomento)
300 _a105 p. ;
_c22 cm.
650 4 _aAgricultura-
_zMéxico.
_9150093
700 1 _aGonzález Roa, Fernando.
_958915
852 _aES-MaACL
_j1688-F-1
999 _c49800
_d49800